| 000 | 00000nam 2200000zi 4500 |
| 001 | 9.945302 |
| 003 | CaOODSP |
| 005 | 20241121094721 |
| 006 | m o d f |
| 007 | cr mn||||||||| |
| 008 | 241119s1971 onc o f000 0 eng d |
| 040 | |aCaOODSP|beng|erda|cCaOODSP |
| 041 | |aeng|bfre |
| 043 | |an-cn--- |
| 086 | 1 |aCo41-1/7EE-PDF|zCo41-1/7E |
| 245 | 00|aMultidisciplinary manpower study. |
| 246 | 34|aMultidisciplinary manpower project report |
| 264 | 1|aOttawa : |bDepartment of Communications, |c1971. |
| 300 | |a1 online resource (165 pages). |
| 336 | |atext|btxt|2rdacontent |
| 337 | |acomputer|bc|2rdamedia |
| 338 | |aonline resource|bcr|2rdacarrier |
| 490 | 1 |aTelecommission study ; |v7(e) |
| 500 | |aIssued also in French under title: Compétence multidisciplinaire en matière de télécommunications. |
| 500 | |aDigitized edition from print [produced by Innovation, Science and Economic Development Canada]. |
| 500 | |a"December 1970." |
| 546 | |aIncludes some text in French. |
| 650 | 0|aCommunication|xStudy and teaching|zCanada. |
| 650 | 0|aExecutives|xTraining of|zCanada. |
| 650 | 0|aTelecommunication|zCanada. |
| 710 | 1 |aCanada. |bDepartment of Communications, |eissuing body. |
| 775 | 08|tCompétence multidisciplinaire en matière de télécommunications.|w(CaOODSP)9.945303 |
| 830 | #0|aTelecommission study ;|v7(e).|w(CaOODSP)9.927947 |
| 856 | 40|qPDF|s2.26 MB|uhttps://publications.gc.ca/collections/collection_2024/isde-ised/co41-1/Co41-1-7E-eng.pdf |